| 000 | 00706nam a2200217Ia 4500 | ||
|---|---|---|---|
| 003 | GCL | ||
| 008 | 140319s9999 xx 000 0 ara d | ||
| 020 | _a1224844092 | ||
| 040 |
_aGCL / _cGCL |
||
| 082 | 0 | 4 |
_a696.1 _bهـ أ |
| 100 | 1 | _aمركز التعريب والبرمجة | |
| 245 | 1 | 0 |
_aاشغال السمكرة : التركيب والتصليح / _cمركز التعريب والبرمجة |
| 700 | 1 | _aهمب,بيتر | |
| 250 | _aالاولى | ||
| 260 |
_aالقاهرة : _bالدار العربية للعلوم ، _c1999 |
||
| 300 |
_a179 ص ؛ _c28 سم |
||
| 650 | 0 | 4 | _aالصرف الصحى |
| 650 | 0 | 4 | _aالسباكة |
| 650 | 0 | 4 | _aالاعمال الصحية |
| 942 |
_2ddc _cBK |
||
| 999 |
_c50852 _d50852 |
||